=LDR 00000nam 2200000 4500 =001 INLIS000000000017816 =005 20130612113027 =008 ***********************************Ind** =035 ##$$0010-061300000017816 =041 ##$$a Ind =082 ##$$a R.492.703 =090 ##$$a 492.703, Tim k =100 ##$$a Tim Kashiko =245 ##$$a Kamus lengkap Arab-Indonesia, Tom Kashiko =260 ##$$a 2000 $b Surabaya =300 ##$$a 604 hlm, 23 cm =650 ##$$a Bahasa Arab-Kamus =850 ##$$a NBPNMAT